Guilty men of India's partition / (Record no. 158854)

MARC details
000 -LEADER
fixed length control field 00482nam a22001697a 4500
005 - DATE AND TIME OF LATEST TRANSACTION
control field 20181116114655.0
010 ## - LCCN (DPL NO)
LC control number B-041105
020 ## - INTERNATIONAL STANDARD BOOK NUMBER
International Standard Book Number 8176460591
035 ## - SYSTEM CONTROL NUMBER
System control number B-041105
037 ## - SOURCE OF ACQUISITION
Source of stock number/acquisition B.R. Publishing Corporation
082 ## - DEWEY DECIMAL CLASSIFICATION NUMBER
Classification number 954.08
100 ## - MAIN ENTRY--PERSONAL NAME
Personal name Lohia, Rammanohar
245 ## - TITLE STATEMENT
Title Guilty men of India's partition /
Statement of responsibility, etc Rammanohar Lohia
260 ## - PUBLICATION, DISTRIBUTION, ETC. (IMPRINT)
Place of publication, distribution, etc Delhi
Name of publisher, distributor, etc B.R. Publishing Corporation
Date of publication, distribution, etc 2002
300 ## - PHYSICAL DESCRIPTION
Extent 101p.
Dimensions 22cm (pbk)
942 ## - ADDED ENTRY ELEMENTS (KOHA)
Source of classification or shelving scheme Dewey Decimal Classification
Item type English Books
Classification part 954.08
Call number suffix LOH
Holdings
Withdrawn status Lost status Not for loan Collection code Home library Current library Date acquired Full call number Barcode Koha item type Public note
      Non-fiction Sarojini Nagar Sarojini Nagar 16/11/2018 954.08 LOH B-041105 English Books Withdrawn List Prepared L.No.17/13

© Delhi Public Library
Hit Counter
free hit counter